00832cam a22002657a 4500003000500000005001700005008004100022010001000063011001000073035001000083040000900093100003700102245009100139260006300230300001900293410003700312490003300349500001800382650002600400650002200426650002200448650002600470810003700496830003300533CHAP20220817043423.0980313d1995 mx a r 00010 spa d a74936 a75908 a85481 cCHAP00aGonzález Sánchez, Alejandro.10aFlores de Xalapa y sus alrededores :b(un manual)c/por Alejandro González Sánchez aVeracruz, Ver. :bInstituto Veracruzano de Cultura,c1995. a67 p. :bilus. aInstituto Veracruzano de Cultura 0aCuadernos de cultura popular ac.4 en bodega14aBotánicaxVeracruz.14aFloresxManuales.14aFloresxVeracruz.14aPlantas ornamentales.00aInstituto Veracruzano de Cultura00aCuadernos de cultura popular